Sweet Choices: Exploring Female Consumer Attitudes Towards Regional Flavoured Honey
Guardado en:
| Autor principal: | |
|---|---|
| Otros Autores: | , , , |
| Formato: | Capítulo de libro |
| Lenguaje: | inglés |
| Materias: | |
| Etiquetas: |
Sin Etiquetas, Sea el primero en etiquetar este registro!
|
MARC
| LEADER | 00000naa$a2200000$$$4500 | ||
|---|---|---|---|
| 001 | 0312543 | ||
| 005 | 20251001130234.5 | ||
| 041 | 0 | |a eng | |
| 044 | |a LV | ||
| 245 | 1 | 0 | |a Sweet Choices: Exploring Female Consumer Attitudes Towards Regional Flavoured Honey |c Peter Šedík, Kristína Predanócyová, Marián Čvirik, Renata Skýpalová, Martina Hudecová |
| 500 | |a Abstrakt | ||
| 610 | 2 | 0 | |a správanie spotrebiteľa |
| 610 | 2 | 0 | |a potraviny |
| 610 | 2 | 0 | |a regióny |
| 610 | 2 | 0 | |a Slovensko |
| 100 | 1 | |a Šedík, Peter | |
| 700 | 1 | |a Predanócyová, Kristína | |
| 700 | 1 | |a Čvirik, Marián, 1992- | |
| 700 | 1 | |a Skýpalová, Renata | |
| 700 | 1 | |a Hudecová, Martina | |